| 000 | 00600nam a22001817a 4500 | ||
|---|---|---|---|
| 005 | 20260619110823.0 | ||
| 008 | 260618b |||||||| |||| 00| 0 eng d | ||
| 040 | _cChuka University Library | ||
| 050 |
_aLB 1027.5 _bT35 2004 |
||
| 100 |
_aTait, connie _930140 |
||
| 245 | _aStrategies for adolescence: Turning it around for middle-school students | ||
| 260 |
_aClemson _bClemson university _c2004 |
||
| 300 |
_a40p. _bIllustrated |
||
| 650 |
_aMiddle school students ...counselling _930388 |
||
| 650 |
_aAt -risk ...youth...education _930389 |
||
| 650 |
_aAdolescence _911448 |
||
| 942 |
_2lcc _cBK _n0 |
||
| 999 |
_c24757 _d24757 |
||